000 00365nam a2200133Ia 4500
005 20260328101514.0
008 260328s9999||||xx |||||||||||||| ||und||
100 _aSantini, Pier Carlo
245 0 _aCatalogo Bolaffi dell' architettura italiana /
_cPier Carlo Santini
260 _bGiulio Bolaff
300 _a632 p.
650 _aARQUITECTURA REGIONAL
942 _cBK
999 _c9303
_d9303